Zákon o cenách s vykonávacou vyhláškou a dôvodovými správami

Bibliographic Details
Format: Book
Language:Slovak
PhysicalDescription:112 s. tab. 21 cm
Published: Bratislava Ing. Miroslav Mračko, EPOS 1996
ISBN:8088810418
Subjects:

MARC

LEADER 00000nam a2200000 a 4500
001 vtls001219928
003 SK-MaSNL
005 20260301003033.0
008 160414s1996 xo a 00000 slo
015 |a SNBI1996/0200858 
020 |a 8088810418 
035 |a SNK000164433 
040 |a SNK  |b slo  |c SNK  |e AACR2 
041 0 |a slo 
044 |a xo  |c SK 
080 |a 338.532:340.133(094.57)(094.5)  |2 1981 
080 |a 340.133  |2 1981 
245 0 0 |a Zákon o cenách s vykonávacou vyhláškou a dôvodovými správami 
260 |a Bratislava  |b Ing. Miroslav Mračko, EPOS  |c 1996 
300 |a 112 s.  |b tab.  |c 21 cm 
650 0 7 |a ceny  |2 SNKPH  |9 2113 
655 7 |a zákony  |2 SNKPH  |9 70186 
655 7 |a vyhlášky  |2 SNKPH  |9 70671 
655 7 |a príručky  |2 SNKPH  |9 74364 
655 7 |a dôvodové správy k zákonom  |2 SNKPH  |9 63382 
919 |a 80-88810-41-8 
958 |a TL 
999 |c 538596  |d 540526 
952 |t P60, <09>, [BOOK], {629}  |a SNK  |b SNK  |y NEVYP  |7 0  |o snkC 1449  |i snk2770/960821  |0 0  |1 0  |4 0  |d 1996-08-20  |l 0  |r 2005-01-01 00:00:00  |w 2026-02-23 
952 |t P60, <03>, [BOOK], {603}  |a SNK  |b SNK  |y PREZ  |7 0  |p 17A0008228  |o snkSC 91056  |i snkKSP 6529/96  |0 0  |1 0  |4 0  |d 1996-08-20  |f 1  |l 0  |r 2025-09-10 00:00:00  |w 2026-02-23 
952 |t P60, <04>, [BOOK], {604}  |a SNK  |b SNK  |y VYP  |7 0  |p 17A0008227  |o snkSC 91056 D1  |i snkKSP 6530/96  |0 0  |1 0  |4 0  |d 1996-08-20  |l 0  |r 2005-01-01 00:00:00  |w 2026-02-23